Lễ hội cầu ngư tại Đà Nẵng: Truyền thống và biến đổi /
Mot so van đe li luan chung ve Le hoi Cau ngư tại Viet nam.Thưc trang le hoi cau ngư tại Đa năng.Mot sode xuat nham phat trien le hoi Cau ngư tai Đa nang.
Wedi'i Gadw mewn:
| Prif Awdur: | |
|---|---|
| Awduron Eraill: | |
| Fformat: | Luận văn Llyfr |
| Iaith: | Vietnamese |
| Cyhoeddwyd: |
ĐHĐN - Trương ĐH ngoại ngữ,
2015.
|
| Pynciau: | |
| Tagiau: |
Ychwanegu Tag
Dim Tagiau, Byddwch y cyntaf i dagio'r cofnod hwn!
|
| Thư viện lưu trữ: | Mạng thư viện Đại học Đà Nẵng |
|---|
| LEADER | 01660cam a22003851a 4500 | ||
|---|---|---|---|
| 001 | 000035579 | ||
| 003 | 11866 | ||
| 005 | 20230331161324.0 | ||
| 008 | 160301s2015 000 vie | ||
| 040 | |a LNN | ||
| 041 | |a vie | ||
| 082 | |a 959.78088 |b ĐO-L | ||
| 100 | |a Đoàn Ngọc Phương Linh | ||
| 245 | 0 | |a Lễ hội cầu ngư tại Đà Nẵng: Truyền thống và biến đổi / |c Đoàn Ngọc Phương Linh. | |
| 246 | |a Luan văn tot nghiep | ||
| 260 | |b ĐHĐN - Trương ĐH ngoại ngữ, |c 2015. | ||
| 300 | |a 30cm : |b 63 tr;. | ||
| 502 | |a Luan văn sinh vien | ||
| 505 | |a Chuyen nghanh Quoc te hoc | ||
| 520 | |a Mot so van đe li luan chung ve Le hoi Cau ngư tại Viet nam.Thưc trang le hoi cau ngư tại Đa năng.Mot sode xuat nham phat trien le hoi Cau ngư tai Đa nang. | ||
| 650 | |a Le hoitruyen thong |x Le hoi Cau ngu tai Đa nang |y Sư bien đoi | ||
| 653 | |a Đoàn Ngọc Phương Linh, Lễ hội cầu ngư tại Đà Nẵng: Truyền thống và biến đổi, Lễ hội cầu ngư tại Đà Nẵng,2015 | ||
| 700 | |a ThS,Nguyen Vo Huyen Dương |b huong dan | ||
| 817 | |b Luan văn tot nghiep |c SV Khoa Quoc te hoc | ||
| OWN | |a LNN | ||
| AVA | |a UDN50 |b LNN |d 959.78088 ĐO-L |e available |t Error 5001 Not defined in file expand_doc_bib_avail. |f 2 |g 0 |h N |i 0 | ||
| 999 | |a From the UDN01 | ||
| AVA | |a UDN50 |b LNN |d 959.78088 ĐO-L |e available |t Error 5001 Not defined in file expand_doc_bib_avail. |f 2 |g 0 |h N |i 0 | ||
| TYP | |a Dissertation | ||
| TYP | |a Monograph | ||
| TYP | |a Printed language | ||
| 980 | |a Mạng thư viện Đại học Đà Nẵng | ||